[Event "Graz op"]
[Site "Graz"]
[Date "2002.??.??"]
[Round "2"]
[White "Schneuwly, Achim"]
[Black "Bergen, Peter"]
[Result "0-1"]
[WhiteElo "2107"]
[BlackElo "2174"]
[PlyCount "66"]
[EventDate "2002.??.??"]
[EventType "swiss"]
[EventRounds "9"]
[EventCountry "AUT"]
[SourceTitle "EXT 2003"]
[Source "ChessBase"]
[SourceDate "2002.11.25"]
[SourceVersion "1"]
[SourceVersionDate "2002.11.25"]
[SourceQuality "1"]

1. e4 e5 2. f4 d5 3. exd5 e4 4. d3 Nf6 5. dxe4 Nxe4 6. Bd3 Qh4+ 7. g3 Nxg3 8. Nf3 Qe7+ 9. Kf2 Nxh1+ 10. Qxh1 Qf6 11. Be3 Bd6 12. Nc3 0-0 13. Rg1 Qe7 14. Bd4 f6 15. Re1 Qf7 16. h4 Nd7 17. h5 Nc5 18. Bc4 Bf5 19. Nd2 a6 20. a3 b5 21. Ba2 Bxc2 22. Bxc5 Bxc5+ 23. Kf3 Bd6 24. Re2 Bf5 25. Nf1 Rae8 26. Rg2 Kh8 27. Ng3 Bd3 28. Qd1 Bc5 29. b4 Re3+ 30. Kg4 Bb6 31. d6 Qd7+ 32. f5 Qxd6 33. Nce4 Qd4 0-1

[Event "Graz op"]
[Site "Graz"]
[Date "2002.??.??"]
[Round "8"]
[White "Schriebl, Alexander"]
[Black "Bergen, Peter"]
[Result "0-1"]
[WhiteElo "2087"]
[BlackElo "2174"]
[PlyCount "102"]
[EventDate "2002.??.??"]
[EventType "swiss"]
[EventRounds "9"]
[EventCountry "AUT"]
[SourceTitle "EXT 2003"]
[Source "ChessBase"]
[SourceDate "2002.11.25"]
[SourceVersion "1"]
[SourceVersionDate "2002.11.25"]
[SourceQuality "1"]

1. d4 Nf6 2. c4 g6 3. Nc3 Bg7 4. e4 d6 5. f3 0-0 6. Be3 Nbd7 7. Bd3 e5 8. d5 Nh5 9. Nge2 f5 10. Qd2 Nc5 11. Bc2 a6 12. 0-0-0 b5 13. Kb1 fxe4 14. fxe4 bxc4 15. Bxc5 dxc5 16. d6 Be6 17. Na4 Qxd6 18. Qxd6 cxd6 19. Rxd6 Bg4 20. Nec3 Rf2 21. Nxc5 Raf8 22. Nxa6 Rxg2 23. Bd1 Bxd1 24. Nxd1 Rc8 25. Ne3 Re2 26. Nd5 Bf8 27. Re6 Nf4 28. Rb6 Nxd5 29. exd5 Rd2 30. Rb5 Bd6 31. Kc1 Rf2 32. Rb6 Bf8 33. Rd1 c3 34. bxc3 Rxc3+ 35. Kb1 Ba3 36. Rc6 Rb2+ 37. Ka1 Rf3 38. d6 Rff2 39. Rc8+ Kg7 40. Rb8 Rxa2+ 41. Kb1 Rad2 42. Rxd2 Rxd2 43. Rb7+ Kf6 44. d7 e4 45. Rb3 Be7 46. Nb8 Kf5 47. Rb7 Rd6 48. Kc2 e3 49. Rb1 Rd2+ 50. Kc3 Bf6+ 51. Kc4 e2 0-1

[Event "Faakersee op 17th"]
[Site "Latschach"]
[Date "2001.08.17"]
[Round "8"]
[White "Devide, Zoran"]
[Black "Bergen, Peter"]
[Result "1-0"]
[WhiteElo "2256"]
[BlackElo "2158"]
[PlyCount "81"]
[EventDate "2001.08.04"]
[EventType "swiss"]
[EventRounds "9"]
[EventCountry "AUT"]
[SourceTitle "EXT 2002"]
[Source "ChessBase"]
[SourceDate "2001.11.25"]
[SourceVersion "1"]
[SourceVersionDate "2001.11.25"]
[SourceQuality "1"]

1. e4 e5 2. Nf3 Nc6 3. Bb5 a6 4. Ba4 Nf6 5. 0-0 b5 6. Bb3 Be7 7. Re1 0-0 8. d4 d6 9. c3 h6 10. h3 Re8 11. a4 Bb7 12. Nbd2 Bf8 13. Bc2 exd4 14. cxd4 Nb4 15. Bb1 c5 16. d5 Nd7 17. Ra3 g6 18. Nf1 Bg7 19. Ng3 Nb6 20. axb5 axb5 21. Rxa8 Bxa8 22. b3 c4 23. bxc4 bxc4 24. h4 Qd7 25. Ba3 Qb5 26. h5 Qa5 27. Bxb4 Qxb4 28. hxg6 fxg6 29. e5 dxe5 30. Bxg6 Rd8 31. Nxe5 Bxe5 32. Rxe5 Qd6 33. Qh5 Nd7 34. Bf7+ Kf8 35. Re6 Qf4 36. Rxh6 Nf6 37. Qg6 Qc1+ 38. Nf1 Qf4 39. Be6 Ke7 40. Qg7+ Kd6 41. Rxf6 1-0

[Event "Faakersee op 17th"]
[Site "Latschach"]
[Date "2001.08.15"]
[Round "6"]
[White "Bergen, Peter"]
[Black "Keller, Manfred"]
[Result "1/2-1/2"]
[WhiteElo "2158"]
[BlackElo "2226"]
[PlyCount "34"]
[EventDate "2001.08.04"]
[EventType "swiss"]
[EventRounds "9"]
[EventCountry "AUT"]
[SourceTitle "EXT 2002"]
[Source "ChessBase"]
[SourceDate "2001.11.25"]
[SourceVersion "1"]
[SourceVersionDate "2001.11.25"]
[SourceQuality "1"]

1. d4 Nf6 2. c4 g6 3. Nc3 d5 4. cxd5 Nxd5 5. e4 Nxc3 6. bxc3 Bg7 7. Be3 c5 8. Qd2 Qa5 9. Rc1 0-0 10. Nf3 Bg4 11. Be2 cxd4 12. cxd4 Qxd2+ 13. Nxd2 Bxe2 14. Kxe2 f5 15. f3 fxe4 16. fxe4 Nc6 17. Nf3 Rac8 1/2-1/2

[Event "Casino op 4th"]
[Site "Velden"]
[Date "1996.??.??"]
[Round "3"]
[White "Bergen, Peter"]
[Black "Probat, Bernd"]
[Result "1-0"]
[WhiteElo "2155"]
[BlackElo "2155"]
[PlyCount "47"]
[EventDate "1996.06.??"]
[EventType "swiss"]
[EventRounds "9"]
[EventCountry "AUT"]
[SourceTitle "EXT 1997"]
[Source "ChessBase"]
[SourceDate "1996.11.15"]
[SourceVersion "1"]
[SourceVersionDate "1996.11.15"]
[SourceQuality "1"]

1. d4 Nf6 2. c4 g6 3. Nc3 Bg7 4. e4 d6 5. Nf3 0-0 6. Be2 e5 7. 0-0 Nc6 8. d5 Ne7 9. Ne1 Ne8 10. Nd3 f5 11. f4 fxe4 12. Nxe4 Bf5 13. Ng5 h6 14. Ne6 Bxe6 15. dxe6 exf4 16. Nxf4 c6 17. Bd3 g5 18. Nh5 Bd4+ 19. Kh1 Nf6 20. Nxf6+ Rxf6 21. Bxg5 hxg5 22. Qh5 Qe8 23. Qh7+ Kf8 24. Qh6+ 1-0

[Event "Finkenstein op"]
[Site "Finkenstein"]
[Date "1996.??.??"]
[Round "1"]
[White "Bergen, Peter"]
[Black "Spitzl, Robert"]
[Result "1-0"]
[WhiteElo "2155"]
[BlackElo "1730"]
[PlyCount "29"]
[EventDate "1996.??.??"]
[EventType "swiss"]
[EventRounds "9"]
[EventCountry "AUT"]
[SourceTitle "EXT 1997"]
[Source "ChessBase"]
[SourceDate "1996.11.15"]
[SourceVersion "1"]
[SourceVersionDate "1996.11.15"]
[SourceQuality "1"]

1. d4 d5 2. Nf3 Nc6 3. c4 Nf6 4. Nc3 g6 5. cxd5 Nxd5 6. e4 Nxc3 7. bxc3 Bg7 8. Be3 0-0 9. Qd2 b6 10. Bh6 a5 11. h4 Bg4 12. h5 Bxf3 13. gxf3 Bxh6 14. Qxh6 g5 15. Qxc6 1-0